| 000 | 00586nam a2200169 i 4500 | ||
|---|---|---|---|
| 001 | 21285 | ||
| 003 | ES-MaACL | ||
| 005 | 20230906152443.0 | ||
| 007 | t| | ||
| 008 | 021122s1922 sp ||||1| spa d | ||
| 100 | 1 |
_aAlberca Lorente, Román. _919266 |
|
| 245 | 1 | 0 |
_aSobre la naturaleza y significación de los filamentos epidérmicos de Herxheimer / _cR. Alberca. |
| 260 |
_aMadrid : _b[s.n.], _c1922. |
||
| 300 |
_a6 p. : _bil. |
||
| 500 | _aEs separata de: Trabajos del laboratorio de Hictopatología de la Junta para Ampliación de Estudios, nº 20. | ||
| 852 |
_aES-MaACL _j1622-F-5 |
||
| 999 |
_c21285 _d21285 |
||